| 000 | 01371cam a22003497a 4500 | ||
|---|---|---|---|
| 001 | 15964401 | ||
| 003 | OSt | ||
| 005 | 20180116192416.0 | ||
| 008 | 091028s2009 sw a 000 0 eng d | ||
| 010 | _a 2009281868 | ||
| 020 | _a9783764399559 (alk. paper) | ||
| 020 | _a3764399554 (alk. paper) | ||
| 035 | _a(OCoLC)ocn310156667 | ||
| 040 |
_aERASA _cERASA _dBTCTA _dYDXCP _dOHX _dVA@ _dBWX _dYBM _dDHT _dDLC |
||
| 042 | _alccopycat | ||
| 050 | 0 | 0 |
_aT396 _b.E88 2009 |
| 082 | 0 | 4 | _a069 |
| 082 | 0 | 0 |
_a659.1/52 _222 |
| 245 | 0 | 0 |
_aExhibitions and displays : _bmuseum design concepts, brand presentation, trade show design / _cChristian Schittich (ed.). |
| 246 | 3 | 0 | _aMuseum design concepts, brand presentation, trade show design |
| 260 |
_aBasel ; _aBoston : _bBirkhäuser, _cc2009. |
||
| 300 |
_a176 p. : _bill. (some col.) ; _c31 cm. |
||
| 440 | 0 |
_aIn detail _96592 |
|
| 650 | 0 |
_aTrade shows _xExhibition techniques. _96593 |
|
| 650 | 0 |
_aExhibit stands _xDesign and construction. _96594 |
|
| 650 | 0 |
_aDisplay of merchandise. _96595 |
|
| 700 | 1 |
_aSchittich, Christian. _96596 |
|
| 906 |
_a7 _bcbc _ccopycat _d2 _encip _f20 _gy-gencatlg |
||
| 942 |
_2ddc _cBK |
||
| 999 |
_c353715 _d353715 |
||